000 01095nam a22003257a 4500
003 CHAP
005 20220329140613.0
008 971013s1955 r 00010 d
010 _a54618
011 _a55590
035 _a59742
040 _cCHAP
082 _a532
_bT78 1955
100 0 0 _aTrueba Coronel, Samuel.
_9115364
245 _aHidráulica
250 _a3 ed.
260 _aMéxico, D.F. :
_bNorgis editores,
_c1955
300 _a430 p.
_b: ilus.
590 _aBATCH-UPD
_b10
_c20130110
_lUCH01
_h0914
590 _aBATCH-UPD
_b10
_c20130410
_lUCH01
_h0538
590 _aBATCH-UPD
_b10
_c20130914
_lUCH01
_h1613
590 _aCONVERSION
_b10
_c20130109
_lUCH01
_h1329
650 1 4 _aHidráulica.
_955219
901 _aBK
942 _cLIBRO
949 _a532 T78 1955
_bBC
_cLIBRO
_d33724000393385
_eLIBRO
_fc.4
_h51540
_i59742
_mD. Ing. Acosta
_si
949 _a532 T78 1955
_bBC
_cLIBRO
_d33724000393518
_eLIBRO
_h1975
_i59742
_si
949 _a532 T78 1955
_bBC
_cLIBRO
_d33724000733333
_eLIBRO
_fc.3
_h1977
_i59742
_si
949 _a532 T78 1955
_bBC
_cLIBRO
_d33724000989075
_eLIBRO
_fc.2
_h1976
_i59742
_si
999 _c54618
_d54618